Statistics for Biggest Cities in the French Empire

Click here to take the quiz!

General Stats

  • This quiz has been taken 272 times
  • The average score is 7 of 20

Answer Stats

Metro populationCity% Correct
12,405,426Paris
100%
5,000,000Algiers
66%
8,426,100Ho Chi Minh City
55%
7,588,000Hanoi
54%
6,861,739Casablanca
49%
4,356,403Rome
43%
6,529,700Madrid
42%
5,375,774Barcelona
41%
6,004,857Berlin
40%
5,264,000Milan
39%
4,707,404Abidjan
34%
5,928,040Toronto
34%
9,472,676Chicago
31%
4,292,040Detroit
26%
8,572,745Ruhr area
22%
5,046,182Hamburg
20%
7,233,232Dallas
14%
5,710,795Atlanta
11%
15,000,000Chennai
9%
7,750,000Hyderabad
4%

Score Distribution

Percentile by Number Answered

Percent of People with Each Score

Your Score History

You have not taken this quiz